<?xml version="1.0" encoding="UTF-8"?>
<record
    xmlns:xsi="http://www.w3.org/2001/XMLSchema-instance"
    xsi:schemaLocation="http://www.loc.gov/MARC21/slim http://www.loc.gov/standards/marcxml/schema/MARC21slim.xsd"
    xmlns="http://www.loc.gov/MARC21/slim">

  <leader>00614nam a2200217 a 4500</leader>
  <datafield tag="999" ind1=" " ind2=" ">
    <subfield code="c">2677</subfield>
    <subfield code="d">2677</subfield>
  </datafield>
  <controlfield tag="007">ta</controlfield>
  <controlfield tag="008">230120t2019    ii a|||gr|||| 0|1 0 eng|d</controlfield>
  <datafield tag="020" ind1=" " ind2=" ">
    <subfield code="a">9788126578061</subfield>
    <subfield code="c">Rs. 489.00</subfield>
  </datafield>
  <datafield tag="040" ind1=" " ind2=" ">
    <subfield code="a">KO</subfield>
    <subfield code="b">eng</subfield>
  </datafield>
  <datafield tag="041" ind1="0" ind2=" ">
    <subfield code="a">eng</subfield>
  </datafield>
  <datafield tag="044" ind1=" " ind2=" ">
    <subfield code="a">ii</subfield>
  </datafield>
  <datafield tag="082" ind1="0" ind2="4">
    <subfield code="a">658.3</subfield>
    <subfield code="b">P9128</subfield>
    <subfield code="2">23</subfield>
  </datafield>
  <datafield tag="100" ind1="1" ind2=" ">
    <subfield code="a">Preet, Raman</subfield>
  </datafield>
  <datafield tag="245" ind1="1" ind2="0">
    <subfield code="a">Future of human resource management</subfield>
    <subfield code="b"> : case studies with strategic approach / </subfield>
  </datafield>
  <datafield tag="260" ind1=" " ind2=" ">
    <subfield code="a">New Delhi : </subfield>
    <subfield code="b">Wiley India Pvt. Ltd.,</subfield>
    <subfield code="c">2019</subfield>
  </datafield>
  <datafield tag="300" ind1=" " ind2=" ">
    <subfield code="a">xviii, 153 p. :</subfield>
    <subfield code="b">ill. ; </subfield>
    <subfield code="c">23 cm.</subfield>
  </datafield>
  <datafield tag="650" ind1=" " ind2="0">
    <subfield code="a">Personnel management</subfield>
    <subfield code="v">Textbooks</subfield>
  </datafield>
  <datafield tag="852" ind1=" " ind2=" ">
    <subfield code="a">KO</subfield>
  </datafield>
  <datafield tag="904" ind1=" " ind2=" ">
    <subfield code="a">A_BOSE</subfield>
  </datafield>
  <datafield tag="942" ind1=" " ind2=" ">
    <subfield code="c">BK</subfield>
  </datafield>
  <datafield tag="952" ind1=" " ind2=" ">
    <subfield code="0">0</subfield>
    <subfield code="1">0</subfield>
    <subfield code="2">ddc</subfield>
    <subfield code="4">0</subfield>
    <subfield code="6">658_300000000000000_P9128</subfield>
    <subfield code="7">0</subfield>
    <subfield code="8">MANS</subfield>
    <subfield code="9">7341</subfield>
    <subfield code="a">KO</subfield>
    <subfield code="b">KO</subfield>
    <subfield code="c">GEN</subfield>
    <subfield code="d">2023-01-20</subfield>
    <subfield code="e">M/S Technical Bureau India Pvt. Ltd (Inv. No. TB2811 Dt. 2023-01-14)</subfield>
    <subfield code="g">489.00</subfield>
    <subfield code="o">658.3 P9128</subfield>
    <subfield code="p">BK005883</subfield>
    <subfield code="r">2023-04-25</subfield>
    <subfield code="y">BK</subfield>
    <subfield code="z">Gen. Shelf-26, Row-6</subfield>
  </datafield>
  <datafield tag="952" ind1=" " ind2=" ">
    <subfield code="0">0</subfield>
    <subfield code="1">0</subfield>
    <subfield code="2">ddc</subfield>
    <subfield code="4">0</subfield>
    <subfield code="6">658_300000000000000_P9128</subfield>
    <subfield code="7">0</subfield>
    <subfield code="8">MANS</subfield>
    <subfield code="9">7342</subfield>
    <subfield code="a">KO</subfield>
    <subfield code="b">KO</subfield>
    <subfield code="c">GEN</subfield>
    <subfield code="d">2023-01-20</subfield>
    <subfield code="e">M/S Technical Bureau India Pvt. Ltd (Inv. No. TB2811 Dt. 2023-01-14)</subfield>
    <subfield code="g">489.00</subfield>
    <subfield code="l">1</subfield>
    <subfield code="o">658.3 P9128</subfield>
    <subfield code="p">BK005884</subfield>
    <subfield code="r">2025-04-09</subfield>
    <subfield code="s">2025-04-04</subfield>
    <subfield code="y">BK</subfield>
    <subfield code="z">Gen. Shelf-26, Row-6</subfield>
  </datafield>
  <datafield tag="952" ind1=" " ind2=" ">
    <subfield code="0">0</subfield>
    <subfield code="1">0</subfield>
    <subfield code="2">ddc</subfield>
    <subfield code="4">0</subfield>
    <subfield code="6">658_300000000000000_P9128</subfield>
    <subfield code="7">0</subfield>
    <subfield code="8">MANS</subfield>
    <subfield code="9">7343</subfield>
    <subfield code="a">KO</subfield>
    <subfield code="b">KO</subfield>
    <subfield code="c">GEN</subfield>
    <subfield code="d">2023-01-20</subfield>
    <subfield code="e">M/S Technical Bureau India Pvt. Ltd (Inv. No. TB2811 Dt. 2023-01-14)</subfield>
    <subfield code="g">489.00</subfield>
    <subfield code="l">1</subfield>
    <subfield code="o">658.3 P9128</subfield>
    <subfield code="p">BK005885</subfield>
    <subfield code="r">2024-05-20</subfield>
    <subfield code="s">2024-04-24</subfield>
    <subfield code="y">BK</subfield>
    <subfield code="z">Gen. Shelf-26, Row-6</subfield>
  </datafield>
  <datafield tag="952" ind1=" " ind2=" ">
    <subfield code="0">0</subfield>
    <subfield code="1">0</subfield>
    <subfield code="2">ddc</subfield>
    <subfield code="4">0</subfield>
    <subfield code="6">658_300000000000000_P9128</subfield>
    <subfield code="7">0</subfield>
    <subfield code="8">MANS</subfield>
    <subfield code="9">7344</subfield>
    <subfield code="a">KO</subfield>
    <subfield code="b">KO</subfield>
    <subfield code="c">GEN</subfield>
    <subfield code="d">2023-01-20</subfield>
    <subfield code="e">M/S Technical Bureau India Pvt. Ltd (Inv. No. TB2811 Dt. 2023-01-14)</subfield>
    <subfield code="g">489.00</subfield>
    <subfield code="o">658.3 P9128</subfield>
    <subfield code="p">BK005886</subfield>
    <subfield code="r">2023-04-25</subfield>
    <subfield code="y">BK</subfield>
    <subfield code="z">Gen. Shelf-26, Row-6</subfield>
  </datafield>
  <datafield tag="952" ind1=" " ind2=" ">
    <subfield code="0">0</subfield>
    <subfield code="1">0</subfield>
    <subfield code="2">ddc</subfield>
    <subfield code="4">0</subfield>
    <subfield code="6">658_300000000000000_P9128</subfield>
    <subfield code="7">0</subfield>
    <subfield code="8">MANS</subfield>
    <subfield code="9">7345</subfield>
    <subfield code="a">KO</subfield>
    <subfield code="b">KO</subfield>
    <subfield code="c">GEN</subfield>
    <subfield code="d">2023-01-20</subfield>
    <subfield code="e">M/S Technical Bureau India Pvt. Ltd (Inv. No. TB2811 Dt. 2023-01-14)</subfield>
    <subfield code="g">489.00</subfield>
    <subfield code="o">658.3 P9128</subfield>
    <subfield code="p">BK005887</subfield>
    <subfield code="r">2023-04-25</subfield>
    <subfield code="y">BK</subfield>
    <subfield code="z">Gen. Shelf-26, Row-6</subfield>
  </datafield>
</record>
